Commedie del Cinquecento. (Record no. 183385)
[ view plain ]
| 000 -LEADER | |
|---|---|
| campo de control de longitud fija | 00902nam a2200229 i 4500 |
| 001 - NÚMERO DE CONTROL | |
| campo de control | 183385 |
| 003 - IDENTIFICADOR DE NÚMERO DE CONTROL | |
| campo de control | ES-MaACL |
| 005 - FECHA Y HORA DE LA ÚLTIMA TRANSACCIÓN | |
| campo de control | 20251012184726.0 |
| 008 - DATOS DE LONGITUD FIJA--INFORMACIÓN GENERAL | |
| campo de control de longitud fija | 140411s1912 it |||| | ita d |
| 245 00 - MENCIÓN DEL TÍTULO | |
| Título | Commedie del Cinquecento. |
| Número de parte o sección de la obra | I / |
| Mención de responsabilidad, etc. | a cura di Ireneo Sanesi. |
| 260 ## - PUBLICACIÓN, DISTRIBUCIÓN, ETC. | |
| Lugar de publicación, distribución, etc. | Bari : |
| Nombre del editor, distribuidor, etc. | Gius. Laterza & Figli, |
| Fecha de publicación, distribución, etc. | 1912. |
| 300 ## - DESCRIPCIÓN FÍSICA | |
| Extensión | 410 p. ; |
| Dimensiones | 21 cm. |
| 490 1# - MENCIÓN DE SERIE | |
| Mención de serie | Scrittori d'Italia ; |
| Designación de volumen o secuencia | 25 |
| 505 8# - NOTA DE CONTENIDO CON FORMATO | |
| Nota de contenido con formato | Contiene: La Calandria di Bernardo Dovizi da Bibbiena -- Il pedante di Francesco Belo -- I tre tirani di Agostino Ricchi -- Gl'ingrannati degli accademici Intronati di Siena |
| 700 1# - ENTRADA AGREGADA--NOMBRE PERSONAL | |
| Nombre de persona | Sanesi, Ireneo. |
| 9 (RLIN) | 154692 |
| 700 0# - ENTRADA AGREGADA--NOMBRE PERSONAL | |
| Nombre de persona | Bibbiena, Bernardo Dovizi da. |
| 9 (RLIN) | 28763 |
| 700 1# - ENTRADA AGREGADA--NOMBRE PERSONAL | |
| Nombre de persona | Belo, Francesco ( |
| Fechas asociadas al nombre | fl. 1524-1538) |
| 9 (RLIN) | 154693 |
| 700 1# - ENTRADA AGREGADA--NOMBRE PERSONAL | |
| Nombre de persona | Ricchi, Agostino, |
| Fechas asociadas al nombre | 1512-1564 |
| 9 (RLIN) | 154694 |
| 830 00 - PUNTO DE ACCESO ADICIONAL DE SERIE-TÍTULO UNIFORME | |
| Título uniforme | Scrittori d'Italia |
| Designación de volumen o secuencia | 25 |
| 9 (RLIN) | 191925 |
| 852 ## - LOCALIZACIÓN | |
| Ubicación | ES-MaACL |
| Número de control de estantería | G-3726 |
| Estatus retirado | Estado de pérdida | Estado de daño | No para préstamo | Biblioteca de origen | Biblioteca actual | Ubicación en estantería | Fecha de adquisición | Fuente de adquisición | Total de préstamos | Signatura topográfica completa | Código de barras | Visto por última vez | Precio de reemplazo | Tipo de ítem Koha |
|---|---|---|---|---|---|---|---|---|---|---|---|---|---|---|
| Biblioteca del Ateneo de Madrid | Biblioteca del Ateneo de Madrid | Depósito 2 | 11/04/2014 | G-3726 | 1192754 | 23/02/2023 | 23/02/2023 | Libro impreso |
